Engineering Drawing & Design/ (Record no. 608701)
[ view plain ]
| 000 -LEADER | |
|---|---|
| fixed length control field | 00345nam a22001457a 4500 |
| 040 ## - CATALOGING SOURCE | |
| Transcribing agency | NUST |
| 082 ## - DEWEY DECIMAL CLASSIFICATION NUMBER | |
| Classification number | 604.2 |
| Author Mark | MAD |
| 100 ## - MAIN ENTRY--PERSONAL NAME | |
| Personal name | Madsen, David A |
| 245 ## - TITLE STATEMENT | |
| Title | Engineering Drawing & Design/ |
| Statement of responsibility, etc. | David A. Madsen |
| 250 ## - EDITION STATEMENT | |
| Edition statement | Sixth Edition |
| 260 ## - PUBLICATION, DISTRIBUTION, ETC. | |
| Place of publication, distribution, etc. | United States : |
| Name of publisher, distributor, etc. | Cengage; |
| Date of publication, distribution, etc. | 2017. |
| 300 ## - PHYSICAL DESCRIPTION | |
| Extent | 1065p. |
| 500 ## - GENERAL NOTE | |
| General note | HB |
| 942 ## - ADDED ENTRY ELEMENTS (KOHA) | |
| Source of classification or shelving scheme | |
| Koha item type | Book |
| Withdrawn status | Lost status | Source of classification or shelving scheme | Damaged status | Not for loan | Permanent Location | Current Location | Shelving location | Date acquired | Full call number | Barcode | Date last seen | Price effective from | Koha item type |
|---|---|---|---|---|---|---|---|---|---|---|---|---|---|
| School of Mechanical & Manufacturing Engineering (SMME) | School of Mechanical & Manufacturing Engineering (SMME) | Aerospace Engineering | 03/19/2024 | 604.2 MAD | SMME-4571 | 03/19/2024 | 03/19/2024 | Book | |||||
| School of Mechanical & Manufacturing Engineering (SMME) | School of Mechanical & Manufacturing Engineering (SMME) | Aerospace Engineering | 03/19/2024 | 604.2 MAD | SMME-4572 | 03/19/2024 | 03/19/2024 | Book | |||||
| School of Mechanical & Manufacturing Engineering (SMME) | School of Mechanical & Manufacturing Engineering (SMME) | Aerospace Engineering | 03/19/2024 | 604.2 MAD | SMME-4573 | 03/19/2024 | 03/19/2024 | Book |
